|
|
|
|
| LEADER |
01336nam a2200385 a 4500 |
| 001 |
000650144 |
| 003 |
CZ BrMZK |
| 005 |
20100604114918.0 |
| 007 |
ta |
| 008 |
030131c20022000xr e f heb d |
| 015 |
|
|
|a cnb001239977
|
| 020 |
|
|
|a 80-85608-59-6
|
| 020 |
|
|
|z 80-85608-37-5
|q (ch.)
|q (brož.)
|
| 035 |
|
|
|a (OCoLC)53270446
|
| 040 |
|
|
|a BOA001
|b cze
|
| 041 |
0 |
|
|a heb
|a rus
|a chi
|
| 043 |
|
|
|a e-xr---
|b e-xr-pg
|2 czenas
|
| 072 |
|
7 |
|a 72
|x Architektura
|2 Konspekt
|9 21
|
| 080 |
|
|
|a 726.3
|2 MRF
|
| 080 |
|
|
|a (437.311)
|2 MRF
|
| 080 |
|
|
|a (036)
|2 MRF
|
| 100 |
1 |
|
|a Pařík, Arno,
|d 1948-
|7 jo20000074497
|4 aut
|
| 245 |
1 |
0 |
|a Pražskije sinagogi /
|c [tekst Arno Paržik ; fotografii Dana Cabanova, Petr Kliment]
|
| 260 |
|
|
|a Praga :
|b Jevrejskij muzej,
|c 2002, c2000
|
| 300 |
|
|
|a 117 s. :
|b barev. il. ;
|c 21 x 22 cm
|
| 500 |
|
|
|a Terminologický slovníček
|
| 500 |
|
|
|a Souběžný hebrejský a čínský název a text
|
| 650 |
0 |
7 |
|a synagogy
|7 ph126360
|z Česko
|2 czenas
|
| 655 |
|
7 |
|a průvodce
|7 fd133154
|2 czenas
|
| 651 |
|
7 |
|a Praha (Česko)
|7 ge118011
|2 czenas
|
| 700 |
1 |
|
|a Cabanová, Dana,
|d 1959-
|7 xx0015353
|4 pht
|
| 700 |
1 |
|
|a Kliment, Petr,
|d 1953-
|7 ola2002146897
|4 pht
|
| 910 |
|
|
|a BOA001
|b 2-1113.342
|
| 990 |
|
|
|a BK
|
| 996 |
6 |
|
|b 2610180676
|c 2-1113.342
|l MZK
|r Sklad / do 1 hodiny
|n 0
|p p.v.
|w 000650144
|u 000010
|a 1
|e BOA001
|j MZK50
|s P
|